| 000 | 00568nam a22002057a 4500 | ||
|---|---|---|---|
| 003 | OSt | ||
| 005 | 20140310182316.0 | ||
| 008 | 130313t xxu||||| |||| 00| 0 eng d | ||
| 020 | _a0153155167 | ||
| 020 | _a9780153155130 | ||
| 050 |
_aQA 11 _b.H257 2002 |
||
| 082 |
_aGS 510.07 _bH21 2002 |
||
| 245 | _aHarcourt math / | ||
| 260 |
_aOrlando : _bHarcourt School Publishers, _c2002 |
||
| 300 |
_a587 p. ; _c28 cm . _bill. col. ; |
||
| 541 | _j2 | ||
| 650 |
_aMathematics _xStudy and teaching (Elementary). _921038 |
||
| 942 |
_2lcc _cBK-GS _eGS |
||
| 999 |
_c11743 _d11743 |
||